banner-ar

برنامج لتنمية بعض المهارات العقلية للموهوبين رياضيا فى رياضة الملاكمة واثره على مستوى الاداء / (Record no. 64493)

MARC details
000 -الفاتح
حقل البيانات ثابتة الطول 01202nam a22002537a 4500
005 - وقت وتاريخ اخر تعامل مع التسجيلة
رقم الضبط 20240530110734.0
008 - عناصر البيانات ثابتة الطول - معلومات عامة
حقل البيانات ثابتة الطول 180703s2010 ua g b 000 0 ara d
017 ## - رقم الايداع القانونى
المصدر ( الهيئة المختصة) مصر. دار الكتب
040 ## - مصدر الفهرسة
وكالة الفهرسة الأصلية EG-CaGPL
وكالة النسخ EG-CaGPL
082 04 - رقم تصنيف ديوى العشرى
رقم الطبعة 21
رقم التصنيف 155.455 /
رقم المادة أ ب
100 0# - المدخل الرئيسى - إسم شخصى
الإسم الشخصى احمد نبيل محمود البحراوى
245 10 - بيان العنوان
العنوان برنامج لتنمية بعض المهارات العقلية للموهوبين رياضيا فى رياضة الملاكمة واثره على مستوى الاداء /
بيان المسئوليه,etc اعداد احمد نبيل محمود البحراوى ؛ اشراف ليلى احمد كرم الدين، عبدالحفيظ اسماعيل احمد
260 ## - PUBLICATION, DISTRIBUTION, ETC. (IMPRINT)
تاريخ النشر أو التوزيع 2010.
300 ## - الوصف المادى
التعداد 202 ص. ؛
أبعاد الوعاء 24 سم.
504 ## - تبصرة ببليوجرافية
تبصرة ببليوجرافية,الخ يشتمل على ارجاعات ببليوجرافية
650 07 - المدخل الاضافى بالموضوع-مصطلح موضوعى
مصدر الرأس أو المصطلح qrmak
مصطلح موضوعي المهارات
650 07 - المدخل الاضافى بالموضوع-مصطلح موضوعى
مصدر الرأس أو المصطلح qrmak
مصطلح موضوعي الملاكمة
650 07 - المدخل الاضافى بالموضوع-مصطلح موضوعى
مصدر الرأس أو المصطلح qrmak
مصطلح موضوعي الالعاب الرياضية
651 ## - المدخل الاضافى بالموضوع - اسم جغرافى
مصدر الرأس أو المصطلح qrmak
700 0# - المدخل الاضافى - اسم شخصى
الإسم الشخصى ليلى احمد كرم الدين
الدور مشرف
700 0# - المدخل الاضافى - اسم شخصى
الإسم الشخصى عبدالحفيظ اسماعيل احمد
الدور مشرف مساعد
942 ## - عناصر المدخل الإضافي( كوها)
مصدر التصنيف او مخطط الترفيف Dewey Decimal Classification
Koha [default] item type كتاب
260 ## - PUBLICATION, DISTRIBUTION, ETC. (IMPRINT)
-- القاهرة :
-- المؤلف ،
Holdings
حالة التراجع حالة الفقد حالة تلف ليس للاعارة المكان المؤقت الموقع الحالى موقع الترفيف تاريخ الاكتساب اجمالي اﻻعارات رقم الطلب الباركود تاريخ اخر مشاهدة تاريخ تفعيل السعر نوع وعاء كوها
        مكتبة القاهرة الكبرى مكتبة القاهرة الكبرى القاعة الرئيسية 07/03/2018   155.455 / أ ب 164906 07/03/2018 07/03/2018 كتاب

Powered By

EGPV